UBT Library

Economics : (Record no. 47175)

000 -LEADER
fixed length control field 00724pam a2200229 a 4500
001 - CONTROL NUMBER
control field 614054
005 - DATE AND TIME OF LATEST TRANSACTION
control field 20180815045405.0
008 - FIXED-LENGTH DATA ELEMENTS--GENERAL INFORMATION
fixed length control field 920205s1993 nyua 001 0 eng
010 ## - LIBRARY OF CONGRESS CONTROL NUMBER
LC control number 92006638
020 ## - INTERNATIONAL STANDARD BOOK NUMBER
International Standard Book Number 0070455597 :
Terms of availability $49.95
040 ## - CATALOGING SOURCE
Original cataloging agency DLC
Transcribing agency DLC
Modifying agency DLC
041 ## - LANGUAGE CODE
Language code of text/sound track or separate title eng
080 ## - UNIVERSAL DECIMAL CLASSIFICATION NUMBER
Universal Decimal Classification number 330
082 00 - DEWEY DECIMAL CLASSIFICATION NUMBER
Classification number 330
Edition number 20
100 1# - Rafti
Rafti 52
101 ## - Shkurtesa
Shkurtesa ECO
245 10 - TITLE STATEMENT
Title Economics :
Statement of responsibility, etc Campbell R. McConnell, Stanley R. Brue.
504 ## - BIBLIOGRAPHY, ETC. NOTE
Bibliography, etc Includes bibliographical references and index.
906 ## - LOCAL DATA ELEMENT F, LDF (RLIN)
a 7
b cbc
c orignew
d 1
e ocip
f 19
g y-gencatlg
942 ## - ADDED ENTRY ELEMENTS (KOHA)
Source of classification or shelving scheme
Item type Books
Holdings
Withdrawn status Lost status Source of classification or shelving scheme Damaged status Not for loan Collection code Permanent location Current location Shelving location Date acquired Total Checkouts Full call number Barcode Date last seen Price effective from Koha item type
          Koleksioni i përgjithshem UBT - Lipjan UBT - Lipjan Koleksioni i përgjithshem 08/15/2018   330 MCC 002-3011363 08/15/2018 08/15/2018 Books
UBT Library © 2015-2024. All rights reserved University Education for Business and Technology